<?xml version="1.0" encoding="UTF-8"?>
<record
    xmlns:xsi="http://www.w3.org/2001/XMLSchema-instance"
    xsi:schemaLocation="http://www.loc.gov/MARC21/slim http://www.loc.gov/standards/marcxml/schema/MARC21slim.xsd"
    xmlns="http://www.loc.gov/MARC21/slim">

  <leader>00538nam a2200133Ia 4500</leader>
  <controlfield tag="008">120720s9999    xx            000 0 und d</controlfield>
  <datafield tag="020" ind1=" " ind2=" ">
    <subfield code="a">968-18-4351-7</subfield>
  </datafield>
  <datafield tag="050" ind1=" " ind2=" ">
    <subfield code="a">PC 4143 P37</subfield>
  </datafield>
  <datafield tag="100" ind1=" " ind2=" ">
    <subfield code="a">Paredes Chavarr&#xED;a, Elia Acacia</subfield>
  </datafield>
  <datafield tag="245" ind1=" " ind2=" ">
    <subfield code="a">Ortograf&#xED;a : ejercicios l&#xE9;xico-ortogr&#xE1;ficos / Elia Acacia Paredes</subfield>
  </datafield>
  <datafield tag="260" ind1=" " ind2=" ">
    <subfield code="a">M&#xE9;xico, D.F.: Limusa : Noriega : Escuela Nacional de preparatoria : Universidad Nacional Aut&#xF3;noma de M&#xE9;xico, c</subfield>
  </datafield>
  <datafield tag="300" ind1=" " ind2=" ">
    <subfield code="a">286 p. : il. ; 23 cm</subfield>
  </datafield>
  <datafield tag="650" ind1=" " ind2=" ">
    <subfield code="a">Espa&#xF1;ol -- Ortograf&#xED;a -- Ejercicios de redacci&#xF3;n&#xCC;&#xCC;</subfield>
  </datafield>
  <datafield tag="952" ind1=" " ind2=" ">
    <subfield code="0">0</subfield>
    <subfield code="1">0</subfield>
    <subfield code="4">0</subfield>
    <subfield code="7">0</subfield>
    <subfield code="a">03</subfield>
    <subfield code="b">03</subfield>
    <subfield code="d">2001-05-15</subfield>
    <subfield code="l">1</subfield>
    <subfield code="o">PC 4143 P37</subfield>
    <subfield code="p">03 003022</subfield>
    <subfield code="r">2016-05-09</subfield>
    <subfield code="s">2013-08-03</subfield>
    <subfield code="t">1</subfield>
    <subfield code="w">2012-07-20</subfield>
    <subfield code="y">LB</subfield>
  </datafield>
  <datafield tag="952" ind1=" " ind2=" ">
    <subfield code="0">0</subfield>
    <subfield code="1">0</subfield>
    <subfield code="4">0</subfield>
    <subfield code="7">0</subfield>
    <subfield code="a">03</subfield>
    <subfield code="b">03</subfield>
    <subfield code="d">2001-05-15</subfield>
    <subfield code="l">1</subfield>
    <subfield code="o">PC 4143 P37</subfield>
    <subfield code="p">03 003025</subfield>
    <subfield code="r">2018-08-29</subfield>
    <subfield code="s">2018-08-29</subfield>
    <subfield code="t">2</subfield>
    <subfield code="w">2012-07-20</subfield>
    <subfield code="y">LB</subfield>
  </datafield>
  <datafield tag="952" ind1=" " ind2=" ">
    <subfield code="0">0</subfield>
    <subfield code="1">0</subfield>
    <subfield code="4">0</subfield>
    <subfield code="7">0</subfield>
    <subfield code="a">03</subfield>
    <subfield code="b">03</subfield>
    <subfield code="d">2001-05-15</subfield>
    <subfield code="l">3</subfield>
    <subfield code="o">PC 4143 P37</subfield>
    <subfield code="p">03 003026</subfield>
    <subfield code="r">2014-09-20</subfield>
    <subfield code="s">2014-09-19</subfield>
    <subfield code="t">3</subfield>
    <subfield code="w">2012-07-20</subfield>
    <subfield code="y">LB</subfield>
  </datafield>
  <datafield tag="999" ind1=" " ind2=" ">
    <subfield code="c">79886</subfield>
    <subfield code="d">79886</subfield>
  </datafield>
</record>
